الإعتدال في إثبات عذاب القبر ونعيمه : (رقم التسجيلة. 596)

تفاصيل مارك
000 -LEADER
fixed length control field 00592nam a22001697a 4500
005 - DATE AND TIME OF LATEST TRANSACTION
control field 20251108163344.0
008 - FIXED-LENGTH DATA ELEMENTS--GENERAL INFORMATION
fixed length control field 250721s1998 xx 000 0 ara d
082 14 - DEWEY DECIMAL CLASSIFICATION NUMBER
Classification number 214.2/عبد
100 1# - MAIN ENTRY--PERSONAL NAME
Personal name أبو صفيه، عبد الوهاب رشيد
245 10 - TITLE STATEMENT
Title الإعتدال في إثبات عذاب القبر ونعيمه :
Remainder of title من خلال الرد على كتاب حقيقة عذاب القبر /
264 1# - PRODUCTION, PUBLICATION, DISTRIBUTION, MANUFACTURE, AND COPYRIGHT NOTICE
Place of production, publication, distribution, manufacture عمان :
Name of producer, publisher, distributor, manufacturer دار عمار،
Date of production, publication, distribution, manufacture, or copyright notice 1998.
300 ## - PHYSICAL DESCRIPTION
Extent 228ص
650 17 - SUBJECT ADDED ENTRY--TOPICAL TERM
Topical term or geographic name as entry element الشريعة الإسلامية
650 17 - SUBJECT ADDED ENTRY--TOPICAL TERM
Topical term or geographic name as entry element اليوم الآخر
942 ## - ADDED ENTRY ELEMENTS (KOHA)
Source of classification or shelving scheme Dewey Decimal Classification
Koha item type كتب
المقتنيات
حالة السحب حالة الفقدان مصدر التصنيف حالة التلف غير قابل للإعارة المكتبة الرئيسية المكتبة الحالية موقع الرف تاريخ التزويد الرقم المتسلسل Total Checkouts رقم الإستدعاء تاريخ آخر ظهور تاريخ الفاتورة نوع المادة (كوها) الباركود
    Dewey Decimal Classification     المكتبة المركزية المكتبة المركزية   28/07/2025 1761329   214.2/عبد 28/07/2025 28/07/2025 كتب  
    Dewey Decimal Classification     المكتبة المركزية المكتبة المركزية مقتنيات قسم التزويد 28/07/2025 1765817   214.2/عبد 28/07/2025 28/07/2025 كتب  
    Dewey Decimal Classification Unchecked   مكتبة الجويدة مكتبة الجويدة الإعارة 28/07/2025 6874   214.2/عبد 28/07/2025 28/07/2025 كتب  
    Dewey Decimal Classification Unchecked   مكتبة الحسن العامة مكتبة الحسن العامة الإعارة 06/07/2004 11550   214.2/عبد 28/07/2025 06/07/2004 كتب  
    Dewey Decimal Classification     مكتبة الراية الهاشمية للأطفال مكتبة الراية الهاشمية للأطفال الأطفال 04/01/2003 1466435   214.2/عبد 28/07/2025 04/01/2003 كتب PLD00358991
    Dewey Decimal Classification     مكتبة وادي السير العامة مكتبة وادي السير العامة الإعارة 25/02/2016 [7824]...   214.2/عبد 28/07/2025 25/02/2016 كتب PLD00376143
Implemented & Customized by: BBB with SCIT (Smart Chains for Information Technology)

Powered by Koha